Semipresencialidad en educación universitaria. Una experiencia en postgrado (Record no. 176356)
[ view plain ]
| 000 -CABECERA | |
|---|---|
| campo de control de longitud fija | 01744nab a2200325 a 4500 |
| 005 - FECHA Y HORA DE LA ÚLTIMA TRANSACCIÓN | |
| campo de control | 20210219162441.0 |
| 008 - ELEMENTOS DE LONGITUD FIJA--INFORMACIÓN GENERAL | |
| campo de control de longitud fija | 991125s1985 mx 000 0 spa u |
| 035 ## - NÚMERO DE CONTROL DEL SISTEMA | |
| Número de control de sistema | UPN01000204255 |
| 049 ## - COLECCIÓN | |
| Colección | ART-E |
| 100 1# - ASIENTO PRINCIPAL--NOMBRE PERSONAL | |
| Nombre de persona | Malpica, Alida |
| 100 1# - ASIENTO PRINCIPAL--NOMBRE PERSONAL | |
| Filiación | alidamalpica@hotmail.com |
| 100 1# - ASIENTO PRINCIPAL--NOMBRE PERSONAL | |
| Nombre de persona | Dugarte de Villegas, Ada |
| 100 1# - ASIENTO PRINCIPAL--NOMBRE PERSONAL | |
| Filiación | adadugarte@hotmail.com |
| 222 #0 - TÍTULO CLAVE | |
| Título clave | EDUWEB : |
| Información calificativa | REVISTA DE TECNOLOGIA DE INFORMACION Y COMUNICACION EN EDUCACION |
| 245 00 - MENCIÓN DE TÍTULO | |
| Título | Semipresencialidad en educación universitaria. Una experiencia en postgrado |
| 260 ## - PUBLICACIÓN, DISTRIBUCIÓN, ETC. | |
| Lugar de publicación, distribución, etc. | Venezuela |
| 300 ## - DESCRIPCIÓN FÍSICA | |
| Extensión | 127-140 |
| 362 0# - FECHAS DE PUBLICACIÓN Y/O DESIGNACIÓN SECUENCIAL | |
| Fecha de publicación y/o designación secuencial | 2014 Vol. 8, no. 2, jul.-dic. |
| 336 ## - TIPO DE CONTENIDO | |
| Término de tipo de contenido | texto$2rdacontent |
| 337 ## - TIPO DE MEDIO | |
| Nombre/término del tipo de medio | computadora$2rdamedia |
| 338 ## - TIPO DE SOPORTE | |
| Nombre/término del tipo de soporte | recurso en linea$2rdacarrier |
| 520 3# - NOTA DE RESUMEN, ETC. | |
| Sumario, etc. | Este trabajo tiene como propósito, describir la experiencia de la semipresencialidad usando la plataforma Moodle en estudiantes de Postgrado de la Universidad de Carabobo. Investigación descriptiva, con un diseño de campo. Los resultados revelan: 90 % está fuertemente de acuerdo que la semipresencialidad promueve la colaboración, desarrolla habilidades de comunicación, la escritura y las relaciones interpersonales; 80 % necesita otras habilidades académicas además de la tecnología y en 40 % produce estrés y ansiedad. Conclusiones: a pesar de ser un valioso recurso de aprendizaje generan inseguridad; al interactuar con este importante medio, les afecta para la adquisición y producción de saberes. |
| 653 0# - TERMINO DE INDIZACION - NO CONTROLADO | |
| Término no controlado | EDUCACION SUPERIOR |
| 653 0# - TERMINO DE INDIZACION - NO CONTROLADO | |
| Término no controlado | MOODLE |
| 653 0# - TERMINO DE INDIZACION - NO CONTROLADO | |
| Término no controlado | EDUCACION SEMIPRESENCIAL |
| 653 0# - TERMINO DE INDIZACION - NO CONTROLADO | |
| Término no controlado | DESARROLLO DE HABILIDADES |
| 856 4# - LOCALIZACIÓN Y ACCESO ELECTRÓNICOS | |
| Identificador Uniforme del Recurso | <a href="http://servicio.bc.uc.edu.ve/educacion/eduweb/index.htm">http://servicio.bc.uc.edu.ve/educacion/eduweb/index.htm</a> |
| 905 ## - TIPO DE MATERIAL | |
| Tipo de material | Articulo |
No items available.
